000
00279nam a22001097a 4500
008
170120b xxu||||| |||| 00| 0 eng d
020
_a
0838586880
041
_a
eng
080
_2
3RD
_a
618.2
245
_a
STRATEGIES FOR THEORY CONSTRUCTION IN NURSING
_c
WALKER, L.O
942
_2
udc
_c
BK
999
_c
3300
_d
3300